Roorkee hydraulic experiments (Record no. 547833)
[ view plain ]
| 000 -LEADER | |
|---|---|
| fixed length control field | 00612cam a2200181Ka 4500 |
| 082 ## - DEWEY DECIMAL CLASSIFICATION NUMBER | |
| Classification number | 627-02 |
| Author Mark | CUN |
| -- | L-tech P-149 |
| 100 1# - MAIN ENTRY--PERSONAL NAME | |
| Personal name | Cunningham, Allan, |
| 9 (RLIN) | 43968 |
| 245 10 - TITLE STATEMENT | |
| Title | Roorkee hydraulic experiments |
| Statement of responsibility, etc. | by Allan Cunningham. |
| 260 ## - PUBLICATION, DISTRIBUTION, ETC. | |
| Place of publication, distribution, etc. | Roorkee, India : |
| Name of publisher, distributor, etc. | Thomason College Press, |
| Date of publication, distribution, etc. | 1880-1881. |
| 300 ## - PHYSICAL DESCRIPTION | |
| Extent | 1 online resource (3 v. in 1) : |
| Other physical details | ill. |
| 505 0# - FORMATTED CONTENTS NOTE | |
| Formatted contents note | v. 1. Text--v. 2. Tables--v. 3. Plates. |
| 526 ## - STUDY PROGRAM INFORMATION NOTE | |
| Program name | 0 |
| Interest level | 0 |
| Reading level | 0 |
| Title point value | 62702_CUN |
| 526 ## - STUDY PROGRAM INFORMATION NOTE | |
| Program name | 0 |
| Interest level | 0 |
| Reading level | 0 |
| Title point value | 62702_CUN |
| 650 #0 - SUBJECT ADDED ENTRY--TOPICAL TERM | |
| Topical term or geographic name entry element | Hydraulics. |
| 650 #0 - SUBJECT ADDED ENTRY--TOPICAL TERM | |
| Topical term or geographic name entry element | MCE |
| 9 (RLIN) | 379 |
| 856 40 - ELECTRONIC LOCATION AND ACCESS | |
| Uniform Resource Identifier | <a href="http://catalog.hathitrust.org/api/volumes/oclc/9109388.html">http://catalog.hathitrust.org/api/volumes/oclc/9109388.html</a> |
| 942 ## - ADDED ENTRY ELEMENTS (KOHA) | |
| Source of classification or shelving scheme | |
| Koha item type | Book |
| Withdrawn status | Lost status | Source of classification or shelving scheme | Damaged status | Not for loan | Permanent Location | Current Location | Date acquired | Total Checkouts | Full call number | Barcode | Date last seen | Price effective from | Koha item type |
|---|---|---|---|---|---|---|---|---|---|---|---|---|---|
| Military College of Engineering (MCE) | Military College of Engineering (MCE) | 08/07/2014 | 627-02 CUN | MCE-40278/ | 08/07/2014 | 08/07/2014 | Book | ||||||
| Military College of Engineering (MCE) | Military College of Engineering (MCE) | 08/19/2014 | 627-02 CUN | MCE-41121 | 08/19/2014 | 08/19/2014 | Book |
